Riziká voľného pohybu tovarov bakalárska práca

Salvato in:
Dettagli Bibliografici
Autore principale: Nedorostová, Zuzana
Ente Autore: Obchodná fakulta EU. Katedra tovaroznalectva a kvality tovaru
Altri autori: Košútová, Tatiana, 1962-
Natura: Libro
Lingua:slovacco
Pubblicazione: Bratislava 2009
Tags: Aggiungi Tag
Nessun Tag, puoi essere il primo ad aggiungerne!!

MARC

LEADER 00000nam$a2200000$$$4500
001 0142232
005 20240319125435.6
041 0 |a slo 
044 |a SK 
245 1 0 |a Riziká voľného pohybu tovarov  |b bakalárska práca  |c Zuzana Nedorostová ; školiteľ: Tatiana Košútová 
264 1 |a Bratislava  |c 2009 
300 |a 52 s. 
100 1 |a Nedorostová, Zuzana 
700 1 |a Košútová, Tatiana, 1962- 
710 2 |a Obchodná fakulta EU. Katedra tovaroznalectva a kvality tovaru